000 00975nam a2200289Ia 4500
005 20220317001458.0
008 161108s9999 xx 000 0 und d
020 _a9788484703389
100 1 _aVan Zeveren, Michel
245 1 0 _aEsto es mío!
_cMichel Van Zeveren ; traducción al español de Rafael Ros
250 _a1a. edición
300 _a[28] páginas
_bilustraciones en color
_c25 cm
534 _tC´est á moi, ca!
650 1 4 _2LEMB
_aCuentos infantiles belgas
650 1 4 _2LEMB
_aLiteratura infantil belga
650 1 4 _2LEMB
_aLibros ilustrados para niños
650 1 4 _2LEMB
_aAnimales de la selva en la literatura
700 1 _aVan Zeveren, Michel
_973829
700 1 _aRos, Rafael
_etraductor
_913216
942 _2loc
_cBKLIT
264 _aBarcelona
_bCorimbo
_c2009
336 _atexto
_btxt
_2rdacontent
337 _asin mediación
_bn
_2rdamedia
338 _avolumen
_bnc
_2rdacarrier
040 _aCO-BoRNBP
_bspa
_erda
_cCO-BoRNBP
084 _aA VAN4
999 _c7097
_d7097